Mexico Country Quiz - Statistics

General Stats
  • This quiz has been taken 16 times
    4 since last reset
  • The average score is 11 of 18
Answer Stats
Hint Answer % Correct
Borders Belize
100%
Borders Guatemala
100%
Former colony of Spain
100%
Borders United States
100%
Year founded 1821
67%
Number of states 31
67%
Rank in military charts 32
67%
Number of Federal Divisions 32
67%
Number of political parties 6
67%
Capital Mexico City
67%
Main Language Spanish
67%
Does Mexico allow gay marriage? Yes
67%
Has Mexico ever fought a civil war? Yes
67%
Main Ally Canada
33%
Currency Mexican Peso
33%
Main Export Cars
0%
Current president Claudia Sheinbaum Pardo
0%
Form of Government Presidential Republic
0%
No matching quizzes found
Score Distribution
Percent of People with Each Score
Percentile by Number Answered
Your Score History
You have not taken this quiz since the last reset